Normal view
MARC view
- White House Historical Association
Entry Personal Name
001 - CONTROL NUMBER
- control field: 12868
003 - CONTROL NUMBER IDENTIFIER
- control field: NUST
005 - DATE AND TIME OF LATEST TRANSACTION
- control field: 20190102102102.0
008 - FIXED-LENGTH DATA ELEMENTS
- fixed length control field: 190102|| aca||aabn | a|a d
040 ## - CATALOGING SOURCE
- Original cataloging agency: NUST
- Transcribing agency: NUST
100 ## - HEADING--PERSONAL NAME
- Personal name: White House Historical Association
670 ## - SOURCE DATA FOUND
- Source citation: Work cat.: (NUST): White House Historical Association, The White House : an historic guide /, 1987.
